000 00556nam a22002057a 4500
003 OSt
005 20210414085432.0
008 210218s1962 ||||| |||| 00| 0 eng d
040 _aeng
_beng
_cDLC
041 _aeng
080 _a821.111
_bH-15
100 _9920
_aHaggard.William
245 _aThe Unquiet Sleep
_c/ by: Avon Book
260 _aNew York
_bPerennial Library
_c1962
300 _a175 p.
365 _b0.5 usd
650 0 _9254
_aEnglish literature
653 _aინგლისური ლიტერატურა
942 _2udc
_cBK
999 _c1921
_d1921